Ṣādir bayna al-tashrīʻ wa-al-ijtihād. al-muwjibāt wa-al-ʻuqūd, uṣūl al-muḥākamāt al-madanīyah, uṣūl al-muḥakamat al-jazāʼīyah, ʻuqūbat, tijārah barrīyah, tijārah baḥrīyah. al-Wakālah

Saved in:
Bibliographic Details
Format: Book
Language:Arabic
Published: Bayrūt : al-Manshūrāt al-Ḥuqūqīyah Ṣādir, Maktabat Ṣādir Nāshirūn, 2005.
Subjects:
Tags: Add Tag
No Tags, Be the first to tag this record!
LEADER 01172nam a2200289 a 4500
001 010523948-8
005 20070613133530.0
008 070309s2005 le |||||||||| 000 0 ara d
020 |a 9953660417 :  |c $28.00 
035 0 |a ocn144569143 
040 |a LB-BrSB  |c LB-BrSB  |d MH-L 
041 0 |a ara 
043 |a a-le--- 
245 1 0 |6 880-05  |a Ṣādir bayna al-tashrīʻ wa-al-ijtihād.  |p al-Wakālah  |b al-muwjibāt wa-al-ʻuqūd, uṣūl al-muḥākamāt al-madanīyah, uṣūl al-muḥakamat al-jazāʼīyah, ʻuqūbat, tijārah barrīyah, tijārah baḥrīyah. 
246 3 0 |a al-Wakālah 
260 |6 880-07  |a Bayrūt :  |b al-Manshūrāt al-Ḥuqūqīyah Ṣādir,  |b Maktabat Ṣādir Nāshirūn,  |c 2005. 
300 |a 328, 86 p. ;  |c 28 cm. 
500 |a "al-Manshūrāt al-ḥuqūqīyah" 
504 |a Includes index. 
650 0 |a Agency (Law)  |z Lebanon. 
650 0 |a Civil procedure  |z Lebanon. 
650 0 |a Criminal procedure  |z Lebanon. 
650 0 |a Commercial law  |z Lebanon. 
880 1 0 |6 245-05  |a صادر بين التشريع و الإجتهاد ، الوكالة. 
880 |6 260-07  |a بيروت :  |b مكتبة صادر ناشرون،  |c 2005. 
988 |a 20070607 
906 |0 VEN